| 000 | 01159cam a22003617a 4500 | ||
|---|---|---|---|
| 003 | CHAP | ||
| 005 | 20250913062743.0 | ||
| 008 | 971013s1984 r 00010 d | ||
| 010 | _a66780 | ||
| 011 | _a67752 | ||
| 035 | _a77224 | ||
| 040 | _cCHAP | ||
| 082 |
_a631.312 _bF3 |
||
| 110 | _aFAO | ||
| 245 | 0 | _aTillage sistems for soil and water conservation | |
| 260 |
_aRome : _bFAO, _c1984 |
||
| 300 |
_a278 p. _b: ilus. |
||
| 490 | 0 |
_aFAO. Boletín de suelos _v; 54 |
|
| 590 |
_aBATCH-UPD _b10 _c20130110 _lUCH01 _h0757 |
||
| 590 |
_aBATCH-UPD _b10 _c20130410 _lUCH01 _h0436 |
||
| 590 |
_aBATCH-UPD _b10 _c20130914 _lUCH01 _h1316 |
||
| 590 |
_aCONVERSION _b10 _c20130109 _lUCH01 _h1337 |
||
| 650 | 1 | 4 |
_aAgua _xConservacion. _92319 |
| 650 | 1 | 4 |
_aErosión. _937335 |
| 650 | 1 | 7 |
_aLabranza _xEfecto en suelos _2 _964305 |
| 650 | 1 | 4 |
_aSuelos _xConservación. _9110283 |
| 700 | 0 |
_aUnger, Paul W. _9116163 |
|
| 830 | 0 |
_aFAO. Boletín de suelos _v; 54 _939455 |
|
| 901 | _aBK | ||
| 942 | _cLIBRO | ||
| 949 |
_a631.312 F3 _bBC _cFAO _d-30090 _eFAO1 _gI.139849 _h72416 _i77224 _si _t18.90 |
||
| 949 |
_a631.312 F3 _bBC _cFAO _d-97343 _eFAO2 _fc.2 _gI.139850 _h72417 _i77224 _si _t18.90 |
||
| 999 |
_c66780 _d66780 |
||